| 000 | 00927cam a22002897a 4500 | ||
|---|---|---|---|
| 003 | CHAP | ||
| 005 | 20220329141415.0 | ||
| 008 | 971013s1986 r 00010 d | ||
| 010 | _a67677 | ||
| 011 | _a68649 | ||
| 035 | _a78122 | ||
| 040 | _cCHAP | ||
| 082 |
_a632.951 _bG3 |
||
| 245 | 0 | _aGASGA Seminar on Fumigation Technology in Developing Countries (1986: Slough, England) | |
| 260 |
_aLondon : _bTDRI, _c1986 |
||
| 300 | _a189 p. | ||
| 590 |
_aBATCH-UPD _b10 _c20130110 _lUCH01 _h0753 |
||
| 590 |
_aBATCH-UPD _b10 _c20130410 _lUCH01 _h0433 |
||
| 590 |
_aBATCH-UPD _b10 _c20130914 _lUCH01 _h0914 |
||
| 590 |
_aCONVERSION _b10 _c20130109 _lUCH01 _h1337 |
||
| 650 | 1 | 4 |
_aCereales _xAlmacenamiento _xPlagas. _921378 |
| 650 | 1 | 4 |
_aFumigación. _943949 |
| 700 | 0 |
_aTropical Development and Research Institute. _9115307 |
|
| 901 | _aBK | ||
| 942 | _cLIBRO | ||
| 949 |
_a632.951 G3 _bBC _cLIBRO _d33724000183620 _eLIBRO _h72183 _i78122 _si |
||
| 999 |
_c67677 _d67677 |
||